| 000 | 00533nam a22001937a 4500 | ||
|---|---|---|---|
| 003 | CEME | ||
| 005 | 20210628210413.0 | ||
| 008 | 210201b xxu||||| |||| 00| 0 eng d | ||
| 020 | _a9971-51-420-6 | ||
| 040 | _c. | ||
| 082 | _a530.138 BIR | ||
| 100 |
_aBird, R.Byron, Stewart, Warren E, Lightfoot, Edwin N _979254 |
||
| 245 | _aTransport phenomena | ||
| 250 | _a2ND | ||
| 260 |
_aNEW YORK _bJOHN WILEY _c2003 |
||
| 300 | _aXII,895P | ||
| 650 |
_aFLUID DYNAMICS, TRANSPORT THEORY .TRANSPORT PHENOMENA _979255 |
||
| 942 |
_cBK _2ddc |
||
| 999 |
_c584305 _d584305 |
||